| 000 | 00656nam a2200217Ia 4500 | ||
|---|---|---|---|
| 003 | OSt | ||
| 005 | 20230405142941.0 | ||
| 008 | 210423s2017 xx 000 0 und d | ||
| 020 | _a978-1-316-63485-1 | ||
| 040 | _cAL | ||
| 041 | _aeng | ||
| 082 |
_a363.7 _223 _bSKIE |
||
| 100 |
_aSKINNER (Gary);CRAFER (Ken);TURNER (Melissa);SKINNER (Ann);STACEY (John) _983422 |
||
| 245 | _aEnvironmental management: coursebook | ||
| 260 |
_aUnited Kingdom _bCambridge University Press _c2017 |
||
| 300 |
_axiv,258 _bPB |
||
| 365 |
_b1500 _cINR |
||
| 650 |
_aEnvironmental Problems _983423 |
||
| 906 | _acoursebook ; Environmental ; management: | ||
| 942 |
_2ddc _cBK |
||
| 999 |
_c169146 _d169146 |
||